Jsou státní akciové společnosti nejlepší cestou k tržní ekonomice?

Charakteristika a nevýhody štátnej akciovej spoločnosti. Majetok spoločnosti a akcionárov. Potreba odštátnenia ekonomickej sféry komerčnými väzbami horizontálneho charakteru. Vhodnosť postupnej premeny štátnych podnikov na obchodné, akciové spoločnosti a spoločnosti s ručením obmedzeným. Výhody pria...

Descripción completa

Guardado en:
Detalles Bibliográficos
Formato: Capítulo de libro
Lenguaje:checo
Materias:
Etiquetas: Agregar Etiqueta
Sin Etiquetas, Sea el primero en etiquetar este registro!

MARC

LEADER 00000naa a2200000 4500
001 r003192
005 20220819175245.6
041 0 |a cze 
044 |a [CS] 
245 1 0 |a Jsou státní akciové společnosti nejlepší cestou k tržní ekonomice? 
520 |a Charakteristika a nevýhody štátnej akciovej spoločnosti. Majetok spoločnosti a akcionárov. Potreba odštátnenia ekonomickej sféry komerčnými väzbami horizontálneho charakteru. Vhodnosť postupnej premeny štátnych podnikov na obchodné, akciové spoločnosti a spoločnosti s ručením obmedzeným. Výhody priamej účasti zamestnancov na riadení podniku. 
610 2 0 |a spoločnosti akciové 
610 2 0 |a hospodárstvo trhové 
610 2 0 |a privatizácia 
610 2 0 |a majetok národný 
610 2 0 |a spoločnosti obchodné 
610 2 0 |a účasť na riadení 
610 2 0 |a zamestnanci